đź“– 150 premiers mots "Une si belle image"#2 Katherine Pancol - Statistiques

Statistiques générales
  • Ce quiz a Ă©tĂ© pris 8 fois
  • Le rĂ©sultat moyen est 94 sur 150
Statistiques - réponses
Mots % Correct
a
100%
Ă 
100%
au
100%
Bouvier
100%
c'
100%
Ce
100%
East Hampton
100%
elle
100%
est
100%
Et,
100%
et
100%
Jackie
100%
Jacqueline
100%
Janet Lee
100%
La
100%
la
100%
le
100%
New York,
100%
s'
100%
sa
100%
se
100%
son
100%
un
100%
une
100%
week-end,
100%
avec
83%
bien
83%
était
83%
femme
83%
Il
83%
leur
83%
n'
83%
pas
83%
qu'
83%
que
83%
Si
83%
si
83%
ville
83%
1929,
67%
28
67%
campagne
67%
comme
67%
comment
67%
dans
67%
de
67%
du
67%
en
67%
juillet
67%
les
67%
maison
67%
mari
67%
mère,
67%
ne
67%
ou
67%
oĂą
67%
plus
67%
qui
67%
savait
67%
tout
67%
trouvait
67%
dire
50%
fait
50%
monde
50%
monde.
50%
vint
50%
beaucoup
33%
bébé
33%
bout ...
33%
entrée
33%
faut
33%
fois
33%
forte,
33%
quand
33%
retard.
33%
six
33%
très
33%
Cela
17%
chaque
17%
contraria
17%
devait
17%
emploi
17%
énergique
17%
née :
17%
rester
17%
semaine,
17%
semaines
17%
suivre
17%
temps.
17%
accoucheur.
0%
approchait
0%
arriver,
0%
attendait
0%
attendre.
0%
chaleur
0%
daigne
0%
étouffante
0%
événement.
0%
fuir
0%
maîtriser
0%
médecin
0%
moite
0%
naissance,
0%
organisée.
0%
princes
0%
princesses,
0%
reines,
0%
rois
0%
sereinement,
0%
tentation
0%
Aucun quiz correspondant
Distribution des résultats
% des personnes avec chaque résultat
Percentile par nombre de réponses
Votre historique - résultats
Vous n’avez pas pris ce quiz